Sports Quiz

Random Sports or WWE Quiz

Royal Rumble Elimination Matchup - 2013 Quiz Stats

 Plays Quiz not verified by Sporcle

Challenge
Share
Tweet
Score 0/29 Timer 07:00
0 Plays Today
% Correct
Brodus Clay
92.4%
Kane
82.6%
The Godfather
81.5%
Daniel Bryan
81.5%
Ryback
81.5%
Bo Dallas
80.4%
The Great Khali
79.3%
Goldust
78.3%
Randy Orton
77.2%
Sheamus
76.1%
Wade Barrett
76.1%
Chris Jericho
73.9%
Heath Slater
73.9%
Antonio Cesaro
73.9%
Sin Cara
72.8%
% Correct
Kofi Kingston
68.5%
Drew McIntyre
68.5%
Tensai
67.4%
Dolph Ziggler
66.3%
Zack Ryder
65.2%
Cody Rhodes
64.1%
Santino Marella
63%
Rey Mysterio
63%
The Miz
62%
Darren Young
60.9%
Damien Sandow
58.7%
Titus O'Neil
57.6%
David Otunga
56.5%
Jinder Mahal
55.4%

You're not logged in!

Compare scores with friends on all Sporcle quizzes.
OR
Log In

You Might Also Like...

Show Comments

Extras

Top Quizzes Today


Score Distribution

Your Account Isn't Verified!

In order to create a playlist on Sporcle, you need to verify the email address you used during registration. Go to your Sporcle Settings to finish the process.

Report this User

Report this user for behavior that violates our Community Guidelines.

Details: